Koncentrovanosť slovenskej ekonomiky bakalárska práca

Gespeichert in:
Bibliographische Detailangaben
1. Verfasser: Stančík, Richard
Körperschaft: Národohospodárska fakulta EU. Katedra hospodárskej politiky
Weitere Verfasser: Kališ, Richard, 1991-
Format: Buch
Sprache:Slowakisch
Veröffentlicht: Bratislava 2022
Tags: Tag hinzufügen
Keine Tags, Fügen Sie das erste Tag hinzu!

MARC

LEADER 00000nbm a2200000 4500
001 0285108
005 20221104094434.0
041 0 |a slo 
044 |a SK 
245 1 0 |a Koncentrovanosť slovenskej ekonomiky  |b bakalárska práca  |c Richard Stančík ; školiteľ: Richard Kališ 
264 1 |a Bratislava  |c 2022 
300 |a 54 s. 
100 1 |a Stančík, Richard 
700 1 |a Kališ, Richard, 1991- 
710 2 |a Národohospodárska fakulta EU. Katedra hospodárskej politiky